[Event "AUT-chT 2001-2002"]
[Site ""]
[Date "2002.01.18"]
[Round "6.3"]
[White "Stanec, Nikolaus"]
[Black "Madl, Ildiko"]
[Result "1-0"]
[WhiteElo "2512"]
[BlackElo "2426"]
[PlyCount "67"]
[EventDate "2002.01.18"]

1. c4 e5 2. g3 c6 3. Bg2 d5 4. cxd5 cxd5 5. d4 exd4 6. Nf3 Bb4+ 7. Bd2 Bc5 8.
O-O Ne7 9. Na3 d3 10. exd3 O-O 11. Nc2 Bg4 12. h3 Bh5 13. Bc3 d4 14. Bd2 a6 15.
b4 Bb6 16. Na3 Nbc6 17. Re1 Qd7 18. Nc4 Bc7 19. Nfe5 Bxe5 20. Qxh5 Bc7 21. a4
Ng6 22. f4 f5 23. Qf3 Rab8 24. Qd5+ Qxd5 25. Bxd5+ Kh8 26. b5 Nce7 27. Bf3 Nc8
28. Re6 axb5 29. axb5 b6 30. Rc6 Bd8 31. Bb4 Be7 32. Bxe7 Ngxe7 33. Rc7 Re8 34.
Re1 1-0

[Event "AUT-chT 2001-2002"]
[Site ""]
[Date "2002.01.18"]
[Round "6.4"]
[White "Druckenthaner, Andreas"]
[Black "Kindermann, Stefan"]
[Result "0-1"]
[WhiteElo "2330"]
[BlackElo "2520"]
[PlyCount "42"]
[EventDate "2002.01.18"]

1. e4 e6 2. d4 d5 3. Nc3 Bb4 4. exd5 exd5 5. Bd3 Nf6 6. Bg5 O-O 7. a3 Bxc3+ 8.
bxc3 Qe8+ 9. Ne2 Ne4 10. Bd2 Nd7 11. O-O Nb6 12. Ng3 Qc6 13. Qh5 f5 14. Bxe4
dxe4 15. f3 e3 16. Be1 f4 17. Ne4 Bf5 18. Nc5 Bxc2 19. Rc1 Bg6 20. Qg4 Nc4 21.
Ne6 e2 0-1

[Event "AUT-chT 2001-2002"]
[Site ""]
[Date "2002.01.18"]
[Round "6.5"]
[White "Teske, Henrik"]
[Black "Opl, Klaus"]
[Result "1-0"]
[WhiteElo "2504"]
[BlackElo "2263"]
[PlyCount "99"]
[EventDate "2002.01.18"]

1. d4 d5 2. c4 c6 3. Nf3 Nf6 4. Nc3 e6 5. Bg5 h6 6. Bh4 dxc4 7. e4 g5 8. Bg3 b5
9. h4 b4 10. Na4 Nxe4 11. Be5 Rg8 12. Qc2 Nf6 13. Bxc4 Nbd7 14. hxg5 hxg5 15.
O-O-O Bb7 16. Nc5 Bxc5 17. dxc5 Qa5 18. Bd6 Nxc5 19. Rhe1 b3 20. Bxb3 Nxb3+ 21.
Qxb3 O-O-O 22. Re5 Nd5 23. Be7 Rd7 24. Ba3 g4 25. Nd2 Qb6 26. Qg3 Qc7 27. Ne4
f5 28. Nc5 f4 29. Qb3 Qxe5 30. Nxd7 Kxd7 31. Qxb7+ Qc7 32. Qb3 g3 33. Qd3 Kc8
34. Qe4 Qf7 35. f3 Qg6 36. Qa4 Rg7 37. Bd6 Kb7 38. Qb3+ Nb6 39. Bxf4 Qf5 40.
Be3 Rh7 41. Qb4 e5 42. a4 Qe6 43. b3 Kc7 44. Bxb6+ axb6 45. a5 bxa5 46. Qxa5+
Kb7 47. Rd8 Re7 48. Qb4+ Ka7 49. Rd2 Rb7 50. Qa5+ 1-0

[Event "AUT-chT 2001-2002"]
[Site ""]
[Date "2002.01.18"]
[Round "6.6"]
[White "Peterwagner, Heinz"]
[Black "Watzka, Horst"]
[Result "1/2-1/2"]
[WhiteElo "2226"]
[BlackElo "2364"]
[PlyCount "28"]
[EventDate "2002.01.18"]

1. e4 c5 2. Nc3 Nc6 3. g3 g6 4. Bg2 Bg7 5. Nge2 d6 6. O-O e6 7. d3 Nge7 8. Be3
Nd4 9. Rb1 O-O 10. Qd2 Rb8 11. a3 Bd7 12. Bg5 Re8 13. Nxd4 Bxd4 14. Ne2 Qb6
1/2-1/2

[Event "AUT-chT 2001-2002"]
[Site ""]
[Date "2002.01.18"]
[Round "6.1"]
[White "Wells, Peter"]
[Black "Stohl, Igor"]
[Result "1/2-1/2"]
[WhiteElo "2517"]
[BlackElo "2534"]
[PlyCount "43"]
[EventDate "2002.01.18"]

1. Nf3 Nf6 2. c4 b6 3. Nc3 Bb7 4. d4 e6 5. a3 d5 6. cxd5 Nxd5 7. Qc2 Nxc3 8.
Qxc3 Nd7 9. Bg5 Be7 10. Bxe7 Kxe7 11. g3 Nf6 12. Bg2 Qd6 13. O-O c5 14. dxc5
Qxc5 15. Qxc5+ bxc5 16. Rfc1 Rhc8 17. Rc3 Rab8 18. Rac1 Bxf3 19. Bxf3 Rxb2 20.
Rxc5 Rxc5 21. Rxc5 Rd2 22. h4 1/2-1/2

[Event "AUT-chT 2001-2002"]
[Site ""]
[Date "2002.01.18"]
[Round "6.5"]
[White "Fahrner, Kurt"]
[Black "Lendwai, Reinhard"]
[Result "1/2-1/2"]
[WhiteElo "2367"]
[BlackElo "2372"]
[PlyCount "73"]
[EventDate "2002.01.18"]

1. d4 Nf6 2. c4 e6 3. Nc3 Bb4 4. Qc2 O-O 5. a3 Bxc3+ 6. Qxc3 b6 7. Nf3 Bb7 8.
g3 d6 9. Bg2 Nbd7 10. O-O Qe7 11. b4 Ne4 12. Qc2 f5 13. Bb2 Ndf6 14. Ne1 c5 15.
dxc5 dxc5 16. Nd3 Nd7 17. b5 Nd6 18. Bxb7 Nxb7 19. Ne5 Nxe5 20. Bxe5 Nd6 21.
Rad1 Nf7 22. Qc3 Nxe5 23. Qxe5 Rad8 24. f4 Rd7 25. Rxd7 Qxd7 26. Rf3 Qe7 27.
Rd3 Kf7 28. e4 Rd8 29. Rxd8 Qxd8 30. exf5 Qd1+ 31. Kg2 Qc2+ 32. Kh3 Qxf5+ 33.
Qxf5+ exf5 34. Kh4 g6 35. Kh3 Kg7 36. Kg2 Kf7 37. Kf3 1/2-1/2

[Event "AUT-chT 2001-2002"]
[Site ""]
[Date "2002.01.18"]
[Round "6.6"]
[White "Mahdy, Khaled"]
[Black "Kastner, Walter"]
[Result "1-0"]
[WhiteElo "2352"]
[BlackElo "2273"]
[PlyCount "65"]
[EventDate "2002.01.18"]

1. e4 e6 2. d4 d5 3. Nd2 Ne7 4. Ngf3 Nd7 5. Be2 c5 6. O-O cxd4 7. Nxd4 Nc6 8.
N2f3 Be7 9. exd5 exd5 10. Bb5 Ndb8 11. Ne5 Bd7 12. Nxd7 Qxd7 13. Be3 O-O 14.
Qh5 Bf6 15. Rad1 a6 16. Ba4 g6 17. Qf3 Bg7 18. Nxc6 Nxc6 19. Rxd5 Qc7 20. Bb3
Bxb2 21. c3 Ba3 22. Bf4 Qe7 23. Bg5 Qc7 24. Rfd1 Rfe8 25. h4 Ne5 26. Qg3 Bf8
27. h5 Rac8 28. Bf4 Bg7 29. hxg6 hxg6 30. Bxe5 Bxe5 31. Qg4 Rcd8 32. Rxd8 Rxd8
33. Rxd8+ 1-0

[Event "AUT-chT 2001-2002"]
[Site ""]
[Date "2002.01.18"]
[Round "6.3"]
[White "Loeffler, Stefan"]
[Black "Rolletschek, Heinrich"]
[Result "1-0"]
[WhiteElo "2400"]
[BlackElo "2269"]
[PlyCount "99"]
[EventDate "2002.01.18"]

1. Nf3 g6 2. d4 Bg7 3. e4 d6 4. c4 e5 5. Bg5 Ne7 6. Nc3 h6 7. Be3 Nd7 8. Qd2 c6
9. O-O-O Qc7 10. Kb1 b6 11. c5 dxc5 12. dxe5 g5 13. Be2 Ng6 14. e6 fxe6 15. Qc2
e5 16. b4 Bf8 17. b5 Bb7 18. Bc4 O-O-O 19. h4 g4 20. Nh2 h5 21. Bf7 Nf4 22. g3
Rh7 23. Qb3 Nf6 24. Rxd8+ Kxd8 25. Rd1+ Ke7 26. Bc4 cxb5 27. Nxb5 Bxe4+ 28. Kb2
Qb8 29. gxf4 exf4 30. Rd6 fxe3 31. Bg8 Ke8 32. Qe6+ Be7 33. Bxh7 Bxh7 34. Rc6
Kd8 35. Nd6 Nd7 36. Nf7+ Ke8 37. Nd6+ Kd8 38. Rc8+ Qxc8 39. Nxc8 Bf6+ 40. Kc1
exf2 41. Nd6 Be7 42. Nf7+ Ke8 43. Ng5 Kd8 44. Nxh7 Bxh4 45. Qd5 g3 46. Nf1 Kc7
47. Ng5 Bxg5+ 48. Qxg5 h4 49. Qxh4 g2 50. Qh2+ 1-0

[Event "AUT-chT 2001-2002"]
[Site ""]
[Date "2002.01.18"]
[Round "6.5"]
[White "Roth, Peter"]
[Black "Woeber, Friedrich"]
[Result "1-0"]
[WhiteElo "2327"]
[BlackElo "2189"]
[PlyCount "103"]
[EventDate "2002.01.18"]

1. e4 e5 2. Nf3 Nc6 3. Bc4 Nf6 4. d3 Bc5 5. c3 a6 6. Bb3 d6 7. h3 Qe7 8. Nbd2
Be6 9. Bc2 h6 10. Nf1 d5 11. Qe2 dxe4 12. dxe4 Rd8 13. Ne3 O-O 14. g4 Nh7 15.
Nf5 Bxf5 16. gxf5 Rfe8 17. Rg1 Kh8 18. Nh2 Qh4 19. Qf3 Ng5 20. Bxg5 hxg5 21.
Bb3 Rd3 22. Rg4 Rxf3 23. Rxh4+ gxh4 24. Nxf3 f6 25. Nxh4 Rd8 26. Ke2 b5 27. Be6
Kh7 28. Rg1 Ne7 29. Nf3 Kh6 30. Bf7 Kh7 31. Nh2 b4 32. Rg4 Ng8 33. Rg3 a5 34.
Ng4 Ne7 35. cxb4 axb4 36. Rd3 Rd4 37. Rxd4 Bxd4 38. b3 g5 39. fxg6+ Nxg6 40.
Bxg6+ Kxg6 41. Ne3 Kg5 42. Nd5 c5 43. Kf3 f5 44. h4+ Kxh4 45. exf5 Kg5 46. Ke4
Bxf2 47. Kxe5 Bd4+ 48. Ke6 Kg4 49. f6 Kf3 50. f7 Bg7 51. Nf6 Ke3 52. Kd5 1-0

[Event "AUT-chT 2001-2002"]
[Site ""]
[Date "2002.01.18"]
[Round "6.6"]
[White "Winiwarter, Felix"]
[Black "Janetschek, Karl"]
[Result "1/2-1/2"]
[WhiteElo "2174"]
[BlackElo "2326"]
[PlyCount "91"]
[EventDate "2002.01.18"]

1. e4 c5 2. Nf3 e6 3. d4 cxd4 4. Nxd4 Nf6 5. Nc3 Nc6 6. Be2 Qc7 7. Be3 a6 8.
O-O Be7 9. f4 d6 10. Kh1 O-O 11. Qe1 Na5 12. Qg3 Nc4 13. Bc1 b5 14. b3 Nb6 15.
e5 b4 16. exf6 Bxf6 17. Bb2 Bxd4 18. Nb5 axb5 19. Bxd4 f6 20. Bxb5 Ba6 21. Bxa6
Rxa6 22. c4 Nd7 23. Rfe1 e5 24. Be3 Rfa8 25. Qf3 Qc6 26. Qf2 Ra3 27. h3 R8a5
28. Qd2 Nc5 29. Qxb4 Rxa2 30. Rxa2 Rxa2 31. Rg1 Nd3 32. Qb8+ Kf7 33. fxe5 Nxe5
34. Qb6 Qe4 35. Qd4 Qc6 36. Qh4 h6 37. Bd4 Qb7 38. Qg3 Rd2 39. Bxe5 fxe5 40.
Rf1+ Kg8 41. Qg6 Rb2 42. Rf3 Rxb3 43. Qe6+ Kh7 44. Qf5+ Kg8 45. Qf8+ Kh7 46.
Qf5+ 1/2-1/2

[Event "AUT-chT 2001-2002"]
[Site ""]
[Date "2002.01.18"]
[Round "6.3"]
[White "Polzin, Rainer"]
[Black "Vogt, Lothar"]
[Result "1/2-1/2"]
[WhiteElo "2469"]
[BlackElo "2460"]
[PlyCount "81"]
[EventDate "2002.01.18"]

1. e4 c5 2. Nf3 d6 3. d4 cxd4 4. Nxd4 Nf6 5. Nc3 e6 6. Be2 Be7 7. O-O O-O 8.
Be3 Nc6 9. f4 Bd7 10. Nb3 a6 11. g4 b5 12. g5 Ne8 13. a3 e5 14. Qd2 exf4 15.
Bxf4 Ne5 16. Nd4 g6 17. Nd5 Be6 18. a4 Bxd5 19. exd5 Nc7 20. axb5 Nxd5 21. Nc6
Qb6+ 22. Kh1 Nxc6 23. Qxd5 axb5 24. Rxa8 Rxa8 25. Bxb5 Nd8 26. Qxa8 Qxb5 27.
Re1 Kg7 28. Qf3 Ne6 29. Bd2 Bxg5 30. Bc3+ Kg8 31. Qa8+ Nf8 32. Qe4 Ne6 33. Ra1
Bd8 34. Rd1 h5 35. Qd3 Qa4 36. Rf1 d5 37. Qf3 Qd7 38. Bf6 Bxf6 39. Qxf6 d4 40.
Qf3 Ng5 41. Qg2 1/2-1/2

[Event "AUT-chT 2001-2002"]
[Site ""]
[Date "2002.01.18"]
[Round "6.4"]
[White "Neubauer, Martin"]
[Black "Kotz, Heinz Peter"]
[Result "1-0"]
[WhiteElo "2434"]
[BlackElo "2364"]
[PlyCount "79"]
[EventDate "2002.01.18"]

1. e4 e5 2. Nf3 Nc6 3. Bc4 Nf6 4. d4 exd4 5. e5 d5 6. Bb5 Ne4 7. Nxd4 Bc5 8.
Be3 Bd7 9. Bxc6 bxc6 10. Nd2 Nxd2 11. Qxd2 O-O 12. O-O Qe7 13. Nb3 Bb6 14. Rae1
a5 15. Bxb6 cxb6 16. f4 a4 17. Nd4 c5 18. f5 f6 19. exf6 Qxf6 20. Ne6 Bxe6 21.
Rxe6 Qxb2 22. Qxd5 Kh8 23. f6 gxf6 24. Rexf6 Rxf6 25. Qxa8+ Kg7 26. Qa7+ Kg6
27. Qxa4 Rxf1+ 28. Kxf1 Qf6+ 29. Kg1 Qe6 30. Kf2 Qf6+ 31. Kg3 Qc3+ 32. Kh4 Qf6+
33. Kh3 h5 34. Qe4+ Kh6 35. a4 Qc3+ 36. Kh4 Qf6+ 37. Kg3 Qc3+ 38. Kf4 Qf6+ 39.
Ke3 Qc3+ 40. Ke2 1-0

[Event "AUT-chT 2001-2002"]
[Site ""]
[Date "2002.01.18"]
[Round "6.5"]
[White "Perhinig, Robert"]
[Black "Neumeier, Klaus"]
[Result "0-1"]
[WhiteElo "2191"]
[BlackElo "2344"]
[PlyCount "104"]
[EventDate "2002.01.18"]

1. d4 Nf6 2. c4 g6 3. Nc3 Bg7 4. g3 O-O 5. Bg2 d6 6. Nf3 Nc6 7. O-O a6 8. e4
Bg4 9. h3 Bxf3 10. Bxf3 Nd7 11. Be3 e5 12. d5 Nd4 13. Bg2 c5 14. dxc6 bxc6 15.
Bxd4 exd4 16. Ne2 Qb6 17. Rb1 a5 18. Qd2 Rfe8 19. Rfd1 Nc5 20. Nxd4 Nxe4 21.
Qd3 Nxg3 22. Nxc6 Ne2+ 23. Kf1 Qc5 24. Ne7+ Rxe7 25. Bxa8 Nf4 26. Qf3 Qxc4+ 27.
Kg1 Be5 28. Bd5 Qc8 29. Kf1 Rc7 30. Qe3 Rc2 31. Bg2 Qc4+ 32. Kg1 Qxa2 33. Ra1
Qxb2 34. Rxa5 Re2 35. Qa7 Qc3 36. Ra3 Qb2 37. Rf3 Qc2 38. Qb8+ Kg7 39. Qb1 Qc5
40. Bf1 Rb2 41. Qc1 Rc2 42. Qe3 Qb4 43. Qb3 Qe4 44. Re1 Qf5 45. Rd1 h5 46. Kh1
Qe4 47. Qe3 Qxe3 48. fxe3 Ne6 49. Kg1 Bh2+ 50. Kh1 Ng5 51. Bd3 Rb2 52. Rff1 Be5
0-1

[Event "AUT-chT 2001-2002"]
[Site ""]
[Date "2002.01.18"]
[Round "6.6"]
[White "Weissenbeck, Manuel"]
[Black "Walzl, Martin"]
[Result "1/2-1/2"]
[WhiteElo "2211"]
[BlackElo "2083"]
[PlyCount "69"]
[EventDate "2002.01.18"]

1. d4 Nf6 2. c4 e6 3. Nf3 d5 4. Nc3 c6 5. Bg5 Be7 6. e3 Nbd7 7. Rc1 O-O 8. Bd3
Re8 9. O-O dxc4 10. Bxc4 Nd5 11. Bxe7 Qxe7 12. e4 Nxc3 13. Rxc3 e5 14. Bb3 c5
15. dxc5 Nxc5 16. Bd5 Bg4 17. h3 Bxf3 18. Qxf3 Ne6 19. Rfc1 Rad8 20. Qe3 b6 21.
a3 Nf4 22. Rc7 Nxd5 23. exd5 Rd7 24. Qc3 g6 25. Rxd7 Qxd7 26. Rd1 Qd6 27. b4
Rd8 28. a4 Rd7 29. Qc8+ Kg7 30. b5 Qc7 31. Qe8 Qd6 32. Kf1 Rc7 33. Qb8 Rd7 34.
Qe8 Rc7 35. Qb8 1/2-1/2

[Event "AUT-chT 2001-2002"]
[Site ""]
[Date "2002.01.18"]
[Round "6.2"]
[White "Atlas, Valeri"]
[Black "Nielsen, Peter Heine"]
[Result "0-1"]
[WhiteElo "2484"]
[BlackElo "2620"]
[PlyCount "72"]
[EventDate "2002.01.18"]

1. e4 c5 2. Nf3 d6 3. d4 cxd4 4. Nxd4 Nf6 5. Nc3 a6 6. Be3 e6 7. a4 b6 8. g4
Bb7 9. Bg2 h6 10. Qe2 Nbd7 11. h4 g6 12. g5 hxg5 13. hxg5 Rxh1+ 14. Bxh1 Nh5
15. O-O-O Rc8 16. Bf3 Ng7 17. Rh1 Ne5 18. Bg2 Nc4 19. f4 Qc7 20. Bd2 Nh5 21.
Qd3 Bg7 22. f5 Nxd2 23. Qxd2 Be5 24. Kb1 Nf4 25. Nf3 Bxc3 26. Qxf4 Bxb2 27. Ne1
Be5 28. Qe3 gxf5 29. Rh7 Qc4 30. g6 Qb4+ 31. Kc1 Bf4 32. gxf7+ Kf8 33. Qxf4
Qxe1+ 34. Kb2 Qc3+ 35. Kb1 Qxc2+ 36. Ka1 Qd1+ 0-1

[Event "AUT-chT 2001-2002"]
[Site ""]
[Date "2002.01.18"]
[Round "6.3"]
[White "Baumegger, Siegfried"]
[Black "Gustafsson, Jan"]
[Result "0-1"]
[WhiteElo "2395"]
[BlackElo "2526"]
[PlyCount "42"]
[EventDate "2002.01.18"]

1. Nf3 Nf6 2. c4 e6 3. Nc3 d5 4. d4 dxc4 5. e3 a6 6. a4 c5 7. Bxc4 Nc6 8. O-O
Be7 9. dxc5 Qc7 10. Bd3 Bxc5 11. Ne4 Be7 12. Bd2 O-O 13. Qc2 Nd5 14. Rfc1 h6
15. a5 Ndb4 16. Bxb4 Bxb4 17. Nd4 Bd7 18. Qa4 Be7 19. Nc5 Bxc5 20. Rxc5 Qd6 21.
Rac1 Ne5 0-1

[Event "AUT-chT 2001-2002"]
[Site ""]
[Date "2002.01.18"]
[Round "6.4"]
[White "Novkovic, Milan"]
[Black "Wittmann, Walter"]
[Result "1-0"]
[WhiteElo "2396"]
[BlackElo "2356"]
[PlyCount "67"]
[EventDate "2002.01.18"]

1. Nf3 Nf6 2. c4 g6 3. b4 Bg7 4. Bb2 c6 5. e3 O-O 6. Be2 a5 7. b5 cxb5 8. cxb5
d5 9. h3 Nbd7 10. O-O Nb6 11. d3 Bd7 12. a4 Ne8 13. Bxg7 Nxg7 14. Nbd2 Qc7 15.
d4 Rfc8 16. Nb3 Ne6 17. Ne5 f6 18. Rc1 Qd6 19. Nxd7 Rxc1 20. Nxf6+ exf6 21.
Nxc1 Qb4 22. Bf3 Ng5 23. Nd3 Nxf3+ 24. Qxf3 Qxa4 25. Qxf6 Qxb5 26. Ne5 Rf8 27.
Qe6+ Kg7 28. Qe7+ Kg8 29. Qxb7 a4 30. Rc1 Qb2 31. Rc7 Qxf2+ 32. Kh2 Qf6 33. Ng4
Qd6+ 34. Kg1 1-0

[Event "AUT-chT 2001-2002"]
[Site ""]
[Date "2002.01.18"]
[Round "6.6"]
[White "Mittelberger, Peter"]
[Black "Postl, Anton"]
[Result "0-1"]
[WhiteElo "2282"]
[BlackElo "2283"]
[PlyCount "74"]
[EventDate "2002.01.18"]

1. e4 c5 2. Nf3 d6 3. d4 cxd4 4. Nxd4 Nf6 5. Nc3 a6 6. Be3 e5 7. Nb3 Be7 8. Be2
O-O 9. O-O Nbd7 10. Qd2 b6 11. f3 Bb7 12. Rfd1 b5 13. a4 b4 14. Na2 a5 15. c3
d5 16. Bb5 bxc3 17. bxc3 Qc7 18. exd5 Bxd5 19. c4 Be6 20. Qe2 Nc5 21. Nac1 e4
22. Nd4 exf3 23. gxf3 Rad8 24. Ncb3 Nxb3 25. Nxb3 Qe5 26. Qf2 Nh5 27. Bd4 Qf5
28. Kh1 Bh4 29. Qg2 g6 30. Be3 Rd3 31. Nd4 Rxd1+ 32. Rxd1 Qe5 33. Nxe6 fxe6 34.
Bh6 Nf4 35. Qd2 Qh5 36. Bxf4 Qxf3+ 37. Kg1 Rxf4 0-1

[Event "AUT-chT 2001-2002"]
[Site ""]
[Date "2002.01.19"]
[Round "7.1"]
[White "Hickl, Joerg"]
[Black "Bischoff, Klaus"]
[Result "1-0"]
[WhiteElo "2600"]
[BlackElo "2541"]
[PlyCount "121"]
[EventDate "2002.01.19"]

1. g3 Nf6 2. Bg2 d5 3. Nf3 c5 4. c4 d4 5. d3 Nc6 6. O-O e5 7. e3 Be7 8. exd4
exd4 9. Bf4 O-O 10. Ne5 Nxe5 11. Bxe5 Bg4 12. Qb3 Nd7 13. Re1 Qa5 14. Na3 Rae8
15. h3 Bf5 16. Nc2 f6 17. Bf4 Qb6 18. Qxb6 Nxb6 19. Rad1 g5 20. Bc1 Bc8 21. b3
Nd7 22. f4 Bd8 23. a3 h6 24. Bf3 Kg7 25. Kf2 f5 26. b4 b6 27. Bc6 Kg6 28. b5
Bc7 29. a4 Bd6 30. Bd2 Rxe1 31. Nxe1 Nf6 32. a5 Rg8 33. axb6 axb6 34. Ra1 Rg7
35. Ra8 Rc7 36. Nf3 g4 37. Ne5+ Kg7 38. hxg4 fxg4 39. Bg2 Bf5 40. Ra6 Nd7 41.
Nxd7 Rxd7 42. Be4 Bxe4 43. dxe4 Bc7 44. Ke2 h5 45. Ra8 Bd8 46. Be1 d3+ 47. Ke3
h4 48. gxh4 g3 49. Ra2 Bxh4 50. Bc3+ Kg6 51. Kf3 Bf6 52. e5 Bg7 53. Kg4 Rf7 54.
Rf2 Bh6 55. Bd2 Rd7 56. Be3 Rd8 57. Kxg3 Kf5 58. Kf3 d2 59. Rxd2 Rxd2 60. Bxd2
Bf8 61. e6 1-0

[Event "AUT-chT 2001-2002"]
[Site ""]
[Date "2002.01.19"]
[Round "7.2"]
[White "Horvath, Jozsef"]
[Black "Atlas, Valeri"]
[Result "1-0"]
[WhiteElo "2551"]
[BlackElo "2484"]
[PlyCount "105"]
[EventDate "2002.01.19"]

1. Nf3 Nf6 2. c4 b6 3. d4 e6 4. Nc3 Bb7 5. e3 d5 6. cxd5 exd5 7. Bb5+ c6 8. Bd3
Bd6 9. O-O O-O 10. e4 dxe4 11. Nxe4 h6 12. Qe2 Nd5 13. Ne5 Qe7 14. Ng3 Bc8 15.
Re1 Qh4 16. Qf3 Bxe5 17. dxe5 Qg4 18. Qxg4 Bxg4 19. b3 Rd8 20. Ba3 Nf4 21. Be4
Be6 22. Rac1 Bd5 23. Bd6 Bxe4 24. Rxe4 Nd5 25. Nf5 Kh7 26. Rd4 g6 27. Ng3 a5
28. Ne4 Kg7 29. g3 b5 30. a3 a4 31. b4 Ra6 32. Be7 Re8 33. Bf6+ Nxf6 34. exf6+
Kg8 35. Nd6 Rf8 36. Nb7 Ra7 37. Nd8 Rd7 38. Nxc6 Rxd4 39. Nxd4 Nd7 40. Rc6 Rb8
41. f4 Kf8 42. Kf2 Ke8 43. Ke3 Kd8 44. Kd3 Rb7 45. g4 Rb8 46. Ke4 Rb7 47. h4
Rb8 48. g5 hxg5 49. hxg5 Rb7 50. Ra6 Rc7 51. Nxb5 Rc1 52. Rd6 Re1+ 53. Kd3 1-0

[Event "AUT-chT 2001-2002"]
[Site ""]
[Date "2002.01.19"]
[Round "7.3"]
[White "Gustafsson, Jan"]
[Black "Hoelzl, Franz"]
[Result "1-0"]
[WhiteElo "2526"]
[BlackElo "2369"]
[PlyCount "75"]
[EventDate "2002.01.19"]

1. d4 Nf6 2. c4 e6 3. Nc3 Bb4 4. e3 d5 5. a3 Bxc3+ 6. bxc3 O-O 7. cxd5 Qxd5 8.
f3 b6 9. e4 Qc6 10. c4 e5 11. d5 Qd6 12. Ne2 Nbd7 13. Be3 Nc5 14. Nc3 Ba6 15.
Be2 c6 16. O-O cxd5 17. cxd5 Rac8 18. Nb5 Bxb5 19. Bxb5 a6 20. Bc6 Nfd7 21. Qb1
Rfd8 22. Rc1 Rb8 23. Qb4 a5 24. Qb5 h6 25. a4 g6 26. Bxh6 f5 27. Bxd7 Qxd7 28.
Qxd7 Rxd7 29. Rab1 Nd3 30. Rc3 Nb4 31. Bd2 b5 32. Rc5 Rdb7 33. Rxb5 Rxb5 34.
axb5 Rxb5 35. Bc3 Rc5 36. Bxb4 Rb5 37. d6 axb4 38. d7 1-0

[Event "AUT-chT 2001-2002"]
[Site ""]
[Date "2002.01.19"]
[Round "7.4"]
[White "Steflitsch, Erich"]
[Black "Novkovic, Milan"]
[Result "1-0"]
[WhiteElo "2371"]
[BlackElo "2396"]
[PlyCount "57"]
[EventDate "2002.01.19"]

1. e4 e6 2. d4 d5 3. Nc3 Nf6 4. e5 Nfd7 5. Nce2 c5 6. f4 Nc6 7. c3 Qb6 8. Nf3
f6 9. a3 Be7 10. h4 O-O 11. Rh3 a5 12. b3 Qc7 13. Neg1 h6 14. Be3 b6 15. Bd3
Ba6 16. Bb1 cxd4 17. cxd4 fxe5 18. fxe5 Ncxe5 19. dxe5 Qc3+ 20. Kf2 Nxe5 21.
Qd4 Ng4+ 22. Qxg4 Qb2+ 23. Ke1 Qxa1 24. Qg6 Bxa3 25. Bd4 Qxd4 26. Qh7+ Kf7 27.
Nxd4 Ke7 28. Qxg7+ Kd6 29. Ngf3 1-0

[Event "AUT-chT 2001-2002"]
[Site ""]
[Date "2002.01.19"]
[Round "7.5"]
[White "Gaertner, Guntram"]
[Black "Pilaj, Herwig"]
[Result "1-0"]
[WhiteElo "2392"]
[BlackElo "2318"]
[PlyCount "83"]
[EventDate "2002.01.19"]

1. d4 d5 2. c4 c6 3. cxd5 cxd5 4. Nf3 Nf6 5. Nc3 Nc6 6. Bf4 Ne4 7. e3 Nxc3 8.
bxc3 g6 9. Ne5 Bg7 10. Bb5 Bxe5 11. Bxe5 O-O 12. Bg3 Bd7 13. Bd3 Rc8 14. O-O
Bf5 15. Bxf5 gxf5 16. Qd3 e6 17. f3 Qg5 18. e4 Rfd8 19. exf5 Qxf5 20. Qxf5 exf5
21. Rfe1 Re8 22. Rab1 b6 23. Bh4 Na5 24. Rxe8+ Rxe8 25. Rb5 Re3 26. Rxd5 Rxc3
27. Bf6 h6 28. Rd8+ Kh7 29. d5 Rd3 30. h4 Kg6 31. Be7 f4 32. Rd6+ Kh7 33. Rf6
Rxd5 34. Rxf7+ Kg6 35. Rxf4 Rd2 36. a3 Nb3 37. Rg4+ Kf5 38. Bf8 h5 39. Rg5+ Kf4
40. Bh6 Rd1+ 41. Kh2 Ke3 42. Rb5+ 1-0

[Event "AUT-chT 2001-2002"]
[Site ""]
[Date "2002.01.19"]
[Round "7.6"]
[White "Petschar, Kurt"]
[Black "Mittelberger, Peter"]
[Result "0-1"]
[WhiteElo "2321"]
[BlackElo "2282"]
[PlyCount "58"]
[EventDate "2002.01.19"]

1. e4 d6 2. d4 Nf6 3. Nc3 g6 4. Bg5 c6 5. Qd2 b5 6. Bd3 Nbd7 7. f4 Bg7 8. Nf3
O-O 9. O-O b4 10. Nd1 a5 11. a3 Rb8 12. axb4 axb4 13. Ne3 d5 14. exd5 cxd5 15.
Qe1 e6 16. Ng4 Qb6 17. Nh6+ Kh8 18. c3 bxc3 19. bxc3 Ng8 20. Qh4 f5 21. Nxg8
Kxg8 22. Bh6 Bxh6 23. Qxh6 Qc7 24. Ng5 Nf6 25. Rae1 Qxc3 26. Rd1 Qxd4+ 27. Kh1
Qxf4 28. g3 Qd6 29. Rc1 Bd7 0-1

[Event "AUT-chT 2001-2002"]
[Site ""]
[Date "2002.01.19"]
[Round "7.2"]
[White "Nielsen, Peter Heine"]
[Black "Lehner, Oliver"]
[Result "1-0"]
[WhiteElo "2620"]
[BlackElo "2437"]
[PlyCount "53"]
[EventDate "2002.01.19"]

1. d4 Nf6 2. c4 e6 3. Nf3 Bb4+ 4. Nbd2 O-O 5. a3 Be7 6. e4 d5 7. Bd3 dxc4 8.
Nxc4 b5 9. Ne3 a6 10. e5 Nd5 11. h4 h6 12. Bc2 f5 13. exf6 Nxf6 14. Qd3 h5 15.
Rh3 Nc6 16. Rg3 Bd6 17. Rg6 Rf7 18. Ng5 Re7 19. Ne4 Nd5 20. Nxd6 Nf4 21. Qe4
Qxd6 22. Rg5 Rf7 23. g3 Nd5 24. Qh7+ Kf8 25. Qh8+ Ke7 26. Rxg7 Nf6 27. Bg6 1-0

[Event "AUT-chT 2001-2002"]
[Site ""]
[Date "2002.01.19"]
[Round "7.3"]
[White "Vogt, Lothar"]
[Black "Baumegger, Siegfried"]
[Result "1/2-1/2"]
[WhiteElo "2460"]
[BlackElo "2395"]
[PlyCount "49"]
[EventDate "2002.01.19"]

1. e4 e5 2. Nf3 Nc6 3. Bb5 a6 4. Ba4 Nf6 5. d4 exd4 6. O-O Be7 7. Re1 b5 8. e5
Nxe5 9. Rxe5 bxa4 10. Nxd4 O-O 11. Nf5 Re8 12. Bg5 d6 13. Nxe7+ Rxe7 14. Bxf6
gxf6 15. Rh5 Re5 16. Nc3 Bb7 17. Rh4 Qe7 18. f4 Re3 19. Kf2 Re8 20. Qh5 h6 21.
Qg4+ Kh7 22. Qf5+ Kg7 23. Qg4+ Kh7 24. Qf5+ Kg7 25. Qg4+ 1/2-1/2

[Event "AUT-chT 2001-2002"]
[Site ""]
[Date "2002.01.19"]
[Round "7.4"]
[White "Wach, Markus"]
[Black "Neubauer, Martin"]
[Result "0-1"]
[WhiteElo "2386"]
[BlackElo "2434"]
[PlyCount "92"]
[EventDate "2002.01.19"]

1. e4 d6 2. d4 Nf6 3. Nc3 g6 4. Nf3 Bg7 5. Be2 O-O 6. O-O Bg4 7. Be3 Nc6 8. d5
Nb8 9. a4 a5 10. h3 Bxf3 11. Bxf3 Nbd7 12. Qd2 c6 13. Ra3 Rc8 14. Rb3 Qc7 15.
Re1 Rfd8 16. g4 Nc5 17. Bxc5 dxc5 18. Qe3 Nd7 19. Kg2 Bd4 20. Qd2 Nb6 21. Ne2
c4 22. Ra3 Bxb2 23. Ra2 cxd5 24. Qxa5 c3 25. Qb5 d4 26. e5 Qc4 27. Rxb2 cxb2
28. Qxb6 Qxc2 29. Nxd4 Qc1 30. Rd1 Rxd4 31. Qxd4 b1=Q 32. Rxc1 Qxc1 33. Bxb7
Qc5 34. Qe4 Rd8 35. e6 f5 36. gxf5 gxf5 37. Qc6 Qxc6+ 38. Bxc6 Rd3 39. f4 Kg7
40. Bb5 Ra3 41. Kf2 Rxh3 42. Ke2 Kf6 43. Bd7 h5 44. Kd2 h4 45. Kc2 Re3 46. Kb2
Rxe6 0-1

[Event "AUT-chT 2001-2002"]
[Site ""]
[Date "2002.01.19"]
[Round "7.2"]
[White "Berndt, Stephan"]
[Black "Wegener, Dirk"]
[Result "1/2-1/2"]
[WhiteElo "2479"]
[BlackElo "2345"]
[PlyCount "63"]
[EventDate "2002.01.19"]

1. e4 e6 2. d4 d5 3. Nc3 Bb4 4. e5 c5 5. a3 Bxc3+ 6. bxc3 Ne7 7. Nf3 Qa5 8. Bd2
Nbc6 9. h4 Bd7 10. h5 O-O-O 11. h6 gxh6 12. Rxh6 Ng8 13. Rh4 f6 14. c4 Qc7 15.
cxd5 exd5 16. Bf4 Re8 17. Be2 fxe5 18. dxe5 Qa5+ 19. Qd2 Qxd2+ 20. Kxd2 Nge7
21. Rh6 Ng6 22. Bg3 Ngxe5 23. Nxe5 Nxe5 24. Rh5 Nc4+ 25. Bxc4 dxc4 26. Rxc5+
Bc6 27. Rxc4 Re4 28. Rc5 Rd8+ 29. Kc3 Re6 30. a4 b6 31. Rc4 a5 32. Rh1 1/2-1/2

[Event "AUT-chT 2001-2002"]
[Site ""]
[Date "2002.01.19"]
[Round "7.3"]
[White "Rolletschek, Heinrich"]
[Black "Polzin, Rainer"]
[Result "0-1"]
[WhiteElo "2269"]
[BlackElo "2469"]
[PlyCount "58"]
[EventDate "2002.01.19"]

1. e4 g6 2. d4 Bg7 3. g3 d6 4. Bg2 Nf6 5. Ne2 O-O 6. c4 e5 7. d5 c6 8. Nbc3
cxd5 9. cxd5 Nbd7 10. O-O a5 11. h3 Nc5 12. Be3 Bd7 13. a3 a4 14. Nc1 Qa5 15.
Nd3 Nb3 16. Rb1 Rac8 17. f3 Nh5 18. Kh2 f5 19. g4 Ng3 20. Re1 f4 21. Bf2 h5 22.
Nb4 hxg4 23. hxg4 Qd8 24. Bxg3 fxg3+ 25. Kxg3 Bh6 26. Nd3 Bg5 27. Rh1 Kg7 28.
Qe2 Qb6 29. Rbd1 Nd4 0-1